Statistiques concernant Attaques pokemon par groupes

Cliquez ici pour prendre le quiz!

Statistiques générales

  • Ce quiz a été pris 31 fois
  • Le résultat moyen est 52 sur 252

Statistiques - réponses

Type de quizAttaque% Correct
Aura | ProjectileCombatAurasphère
78%
Auto DestructionNormalExplosion
67%
SonoreNormalBrouhaha
56%
Coups MultiplesNormalCombo-Griffe
56%
SonoreNormalMégaphone
56%
ContrecoupFeuBoutefeu
50%
TranchanteNormalCoupe
50%
DanseDragonDanse Draco
50%
AuraEauVibraqua
50%
SonoreTénèbresAboiement
44%
Coups Multiples | ProjectilePlanteBalle Graine
44%
SonoreInsecteBourdon
44%
ContrecoupNormalDamoclès
44%
AuraDragonDraco-Choc
44%
SonoreNormalHurlement
44%
SoinPlanteMéga-Sangsue
44%
PoudrePlantePara-Spore
44%
PoudrePlantePoudre Dodo
44%
ContrecoupVolRapace
44%
PoudrePlanteSpore
44%
Coups MultiplesNormalTorgnoles
44%
AuraTénèbreVibrobscur
44%
SonoreEauAria de l'Écume
39%
SoinVolAtterrissage
39%
SonoreNormalBang Sonique
39%
SonoreNormalBerceuse
39%
SonoreFeuChant Flamboyant
39%
Auto DestructionNormalDestruction
39%
ContrecoupÉlectrikÉlectacle
39%
SoinPlanteGiga-Sangsue
39%
Taux de coup critiques doubléRocheLame de Roc
39%
TranchantePlanteLame Feuille
39%
Taux de coup critiques doubléPlanteLame-Feuille
39%
PoingGlacePoing Glace
39%
SonoreNormalRugissement
39%
Taux de coup critiques doublé | TranchanteNormalTranche
39%
SoinInsecteVampirisme
39%
ContrecoupEauAquatacle
33%
SonoreVolBabil
33%
ProjectileSpectreBall'Ombre
33%
ContrecoupNormalBélier
33%
SonoreNormalÉcho
33%
SonoreNormalGrincement
33%
PoingFeuPoing de Feu
33%
SoinPlanteSynthèse
33%
Poing | SoinCombatVampipoing
33%
SoinNormalAurore
28%
ProjectileÉlectrikBoule Élek
28%
Coups Multiples | ProjectileRocheBoule Roc
28%
Auto DestructionFeuCaboche-Kaboum
28%
SonoreNormalChant Antique
28%
SonoreNormalChant Canon
28%
Taux de coup critiques doublé | TranchantePsyCoupe Psycho
28%
DanseFeuDanse du Feu
28%
DansePlanteDanse Fleurs
28%
DanseNormalDanse Lames
28%
Danse | SonoreDragonDracacophonie
28%
ContrecoupÉlectrikÉclair Fou
28%
SoinNormalE-Coque
28%
Auto DestructionFéeExplo-Brume
28%
ContrecoupRocheFracass'Tête
28%
TranchanteVolLame d'Air
28%
PoingCombatMitra-Poing
28%
DanseInsectePapillodanse
28%
PoingÉlectrikPoing Éclair
28%
SoinPsyRepos
28%
SonoreNormalRonflement
28%
SonoreAcierStrido-Son
28%
Taux de coup critiques doubléVolTranch-Air
28%
Tranchante | VentVolTranch'Air
28%
SonoreNormalUltrason
28%
SoinFéeVampibaiser
28%
VentVolVent Arrière
28%
VentGlaceVent Glace
28%
SonoreDragonVibrécaille
28%
SonoreFéeVoix Enjôleuse
28%
SoinPlanteVole-Vie
28%
Taux de coup critiques doubléVolAéroblast
22%
TranchanteVolAéropique
22%
SoinSolAmass'Sable
22%
SoinInsecteAppel Soins
22%
VentGlaceBlizzard
22%
TranchanteEauCoqui-Lame
22%
DanseDépend du type du lanceurDanse Éveil
22%
Coups MultiplesInsecteDard-Nuée
22%
SonoreTénèbresDernier Mot
22%
ProjectilePlanteÉco-Sphère
22%
Coups MultiplesNormalFurie
22%
Taux de coup critiques doubléSpectreGriffe Ombre
22%
PrognatheTénèbresMâchouille
22%
PoingCombatMach Punch
22%
PoingCombatMarto-Poing
22%
PrognatheTénèbresMorsure
22%
VentDragonOuragan
22%
SonoreÉlectrikOverdrive
22%
ContrecoupCombatPied Sauté
22%
ContrecoupCombatPied Voltige
22%
TranchanteInsectePlaie Croix
22%
Coups MultiplesNormalPlumo-Queue
22%
PoudreInsectePoudre Fureur
22%
PoudrePoisonPoudre Toxik
22%
SonoreNormalRâle Mâle
22%
SoinFéeRayon Lune
22%
SonorePlanteSiffl'Herbe
22%
Taux de coup critiques doublé | TranchantePlanteTranch'Herbe
22%
VentFéeVent Féérique
22%
VentVolVent Violent
22%
Aura | SoinPsyVibra Soin
22%
SoinPlanteVœu
22%
ProjectileFeuBallon Brûlant
17%
ProjectileInsecteBoule Pollen
17%
ProjectilePlanteCanon Graine
17%
Coups MultiplesCombatCogne
17%
Taux de coup critiques doubléNormalCoupe-Vent
17%
VentNormalCyclone
17%
DanseEauDanse Aquatique
17%
DanseNormalDanse Folle
17%
DanseVolDanse Plumes
17%
SoinPlanteEncornebois
17%
SoinVolMort-Ailes
17%
PoudreInsecteNuée de Poudre
17%
SoinNormalParesse
17%
PoingAcierPisto-Poing
17%
Taux de coup critiques doubléCombatPoing-Karaté
17%
PoingCombatPoing Karaté
17%
PoingTénèbresPoing Obscur
17%
PoingSpectrePoing Ombre
17%
Coups Multiples | TranchanteNormalProlifération
17%
SonoreNormalRequiem
17%
ProjectileRocheRoc-Boulet
17%
ContrecoupCombatSacrifice
17%
PoingCombatStratopercut
17%
TranchanteInsecteTaillade
17%
VentVolTornade
17%
PoingEauTorrent de Coups
17%
Taux de coup critiques doublé | TranchanteTénèbresTranche-Nuit
17%
Coups MultiplesGlaceTriple Axel
17%
PoingNormalUltimapoing
17%
SoinPsyVœu Soin
17%
LimitantePsyAnti-Soin
11%
Taux de coup critiques doubléInsecteAppel Attak
11%
SoinNormalAvale
11%
ProjectileGlaceBall'Glace
11%
ProjectilePoisonBomb-Beurk
11%
ProjectilePoisonBombe Acide
11%
ProjectileAcierBombe Aimant
11%
ProjectileNormalBombe Œuf
11%
ProjectileSolBoue-Bombe
11%
VentFeuCanicule
11%
Taux de coup critiques doubléCombatCoup-Croix
11%
PrognatheÉlectrikCrocs Éclair
11%
Danse | SoinPsyDanse Lune
11%
PoingCombatDynamopoing
11%
PoingAcierÉcrous d'Poing
11%
ProjectileCombatExploforce
11%
TranchanteRocheHache de Pierre
11%
SoinNormalLait à Boire
11%
TranchantePsyLame Psychique
11%
TranchanteCombatLame Sainte
11%
ContrecoupFéeLumière du Néant
11%
PoingGlaceMarteau de Glace
11%
AuraEauOnde Originelle
11%
SoinÉlectrikParabocharge
11%
ContrecoupNormalPeignée
11%
Taux de coup critiques doubléFeuPied Brûleur
11%
Taux de coup critiques doubléEauPince-Masse
11%
Coups Multiples | PoingNormalPoing Comète
11%
PoingPlantePoing Dard
11%
PoingAcierPoing Météore
11%
Taux de coup critiques doubléPoisonPoison-Croix
11%
TranchantePoisonPoison Croix
11%
PoudrePsyPoudre Magique
11%
InfiltrationPsyProtection
11%
SoinPoisonPurification
11%
Coups MultiplesDragonRafale Écailles
11%
Coups MultiplesEauSheauriken
11%
SoinFéeSoin Floral
11%
Taux de coup critiques doubléDragonSpatio-Rift
11%
PoudrePlanteSpore Coton
11%
Coups MultiplesGlaceStalagtite
11%
VentRocheTempête de Sable
11%
Taux de coup critiques doubléEauTir de Précision
11%
TranchanteEauTranch'Aqua
11%
Coups MultiplesCombatTriple Pied
11%
VentVolTyphon Hivernal
11%
PoingNormalUppercut
11%
ProjectilePsyBall'Brume
6%
ProjectileVolBec-Canon
6%
Coups MultiplesSolCharge-Os
6%
SonoreNormalConfidence
6%
PrognatheFeuCrocs Feu
6%
PrognatheGlaceCrocs Givre
6%
DanseCombatDanse Victoire
6%
SoinPsyDévorêve
6%
SonoreDragonDracacophonie Flamboyante
6%
ProjectileÉlectrikÉlecanon
6%
LimitanteNormalEncore
6%
LimitanteNormalEntrave
6%
SonoreNormalGlas de Soin
6%
ProjectileAcierGyroballe
6%
ProjectileFeuIncendie
6%
TranchanteFeuLame en Peine
6%
TranchanteRocheLame Puissante
6%
TranchantePlanteLame Solaire
6%
TranchanteAcierLame Tachyonique
6%
LimitanteSpectreLien du Destin
6%
Coups MultiplesNormalPicanon
6%
Coups MultiplesNormalPilonnage
6%
Taux de coup critiques doubléVolPiqué
6%
PoingCombatPoing Boost
6%
LimitanteTénèbresProvoc
6%
Taux de coup critiques doubléPoisonQueue-Poison
6%
InfiltrationNormalRune Protect
6%
SonorePsySort Sinistre
6%
VentPlanteTempête Florale
6%
LimitanteTénèbresTourmente
6%
Taux de coup critiques doubléSolTunnelier
6%
VentÉlectrikTyphon Fulgurant
6%
VentSolTyphon Pyrosable
6%
Taux de coup critiques doublé | TranchanteTénèbresVagues à Lames
6%
InfiltrationGlaceVoile Aurore
6%
SoinPlanteVole-Force
6%
LimitanteNormalAttraction
0%
ProjectileNormalBall'Météo
0%
PrognatheEauBanchicrok
0%
InfiltrationGlaceBrume
0%
AuraNormalChamplification
0%
PrognatheNormalCroc de Mort
0%
PrognathePoisonCrochet Venin
0%
PrognatheTénèbresCroque Fort
0%
TranchanteTénèbresGénusection
0%
TranchanteAcierGladius Maxima
0%
ProjectileEauOctazooka
0%
ProjectileNormalPillonage
0%
PrognathePsyPsycho-Croc
0%
VentFéeTyphon Passionné
0%
InfiltrationPsyVoile-Miroir
0%

Distribution des résultats

Percentile par nombre de réponses

% des personnes avec chaque résultat

Votre développement - résultats

Vous n’avez pas pris ce quiz